Foreign nationals in English prisons: I. Family ties and their maintenance

Saved in:  
Bibliographic Details
Authors: Richards, Martin (Author) ; McWilliams, Brenda (Author) ; Batten, Nikki (Author)
Format: Print Article
Language:English
Published: 1995
In: The Howard journal of criminal justice
Year: 1995, Volume: 34, Issue: 2, Pages: 158-175
Check availability: HBZ Gateway
Keywords:

MARC

LEADER 00000caa a22000002c 4500
001 1639214100
003 DE-627
005 20220608124411.0
007 tu
008 160223s1995 xx ||||| 00| ||eng c
035 |a (DE-627)1639214100 
035 |a (DE-576)455801835 
035 |a (DE-599)BSZ455801835 
040 |a DE-627  |b ger  |c DE-627  |e rakwb 
041 |a eng 
100 1 |a Richards, Martin  |4 aut 
245 1 0 |a Foreign nationals in English prisons: I. Family ties and their maintenance  |c Martin Richards, Brenda McWilliams, Nikki Batten 
264 1 |c 1995 
336 |a Text  |b txt  |2 rdacontent 
337 |a ohne Hilfsmittel zu benutzen  |b n  |2 rdamedia 
338 |a Band  |b nc  |2 rdacarrier 
700 1 |a McWilliams, Brenda  |4 aut 
700 1 |a Batten, Nikki  |4 aut 
773 0 8 |i In  |t The Howard journal of criminal justice  |d Oxford : Blackwell, 1984  |g 34(1995), 2, Seite 158-175  |w (DE-627)130640786  |w (DE-600)803031-5  |w (DE-576)016163664  |x 0265-5527  |7 nnas 
773 1 8 |g volume:34  |g year:1995  |g number:2  |g pages:158-175 
935 |a mkri 
951 |a AR 
ELC |b 1 
LOK |0 000 xxxxxcx a22 zn 4500 
LOK |0 001 3299591290 
LOK |0 003 DE-627 
LOK |0 004 1639214100 
LOK |0 005 20160223094900 
LOK |0 008 160208||||||||||||||||ger||||||| 
LOK |0 040   |a DE-21-110  |c DE-627  |d DE-21-110 
LOK |0 689   |a s  |a Ausländer 
LOK |0 689   |a s  |a England 
LOK |0 689   |a s  |a Strafvollzug 
LOK |0 852   |z Kein Bestand am IfK; Nachweis für KrimDok 
LOK |0 852   |a DE-21-110 
LOK |0 852 1  |m v  |9 00 
LOK |0 935   |a k110 
LOK |0 938   |k v 
LOK |0 939   |a 08-02-16  |b l01 
ORI |a SA-MARC-krimdoka001.raw